<?xml version="1.0" encoding="UTF-8"?>
<collection xmlns:xsi="http://www.w3.org/2001/XMLSchema-instance" xsi:schemaLocation="http://www.loc.gov/MARC21/slim http://www.loc.gov/standards/marcxml/schema/MARC21slim.xsd" xmlns="http://www.loc.gov/MARC21/slim">
 <record>
  <leader>00000cam a22000004i 4500</leader>
  <controlfield tag="001">UP-99796217612769875</controlfield>
  <controlfield tag="003">Buklod</controlfield>
  <controlfield tag="005">20180518112217.0</controlfield>
  <controlfield tag="006">m    |o  d |      </controlfield>
  <controlfield tag="007">ta</controlfield>
  <controlfield tag="008">180518s2016    xx     d     r    |||| u|</controlfield>
  <datafield tag="020" ind1=" " ind2=" ">
   <subfield code="a">9781138930636 (hbd.)</subfield>
  </datafield>
  <datafield tag="035" ind1=" " ind2=" ">
   <subfield code="a">(iLib)UPD-00362014056</subfield>
  </datafield>
  <datafield tag="040" ind1=" " ind2=" ">
   <subfield code="a">DLC</subfield>
   <subfield code="d">DCPA</subfield>
   <subfield code="e">rda</subfield>
  </datafield>
  <datafield tag="041" ind1=" " ind2=" ">
   <subfield code="a">eng</subfield>
  </datafield>
  <datafield tag="042" ind1=" " ind2=" ">
   <subfield code="a">DMLUC</subfield>
  </datafield>
  <datafield tag="090" ind1=" " ind2=" ">
   <subfield code="a">KNC 630</subfield>
   <subfield code="b">A85 2016</subfield>
  </datafield>
  <datafield tag="245" ind1="1" ind2="0">
   <subfield code="a">Asian law in disasters</subfield>
   <subfield code="b">toward a human-centered recovery</subfield>
   <subfield code="c">edited by Yuka Kaneko, Katsumi Matsuoka, and Toshihisa Toyoda.</subfield>
  </datafield>
  <datafield tag="264" ind1=" " ind2="1">
   <subfield code="a">Abingdon, Oxon</subfield>
   <subfield code="b">Routledge</subfield>
   <subfield code="c">2016.</subfield>
  </datafield>
  <datafield tag="300" ind1=" " ind2=" ">
   <subfield code="a">xiii, 333 pages</subfield>
   <subfield code="c">24 cm.</subfield>
  </datafield>
  <datafield tag="336" ind1=" " ind2=" ">
   <subfield code="a">text</subfield>
   <subfield code="2">rdacontent</subfield>
  </datafield>
  <datafield tag="337" ind1=" " ind2=" ">
   <subfield code="a">unmediated</subfield>
   <subfield code="2">rdamedia</subfield>
  </datafield>
  <datafield tag="338" ind1=" " ind2=" ">
   <subfield code="a">volume</subfield>
   <subfield code="2">rdacarrier</subfield>
  </datafield>
  <datafield tag="504" ind1=" " ind2=" ">
   <subfield code="a">Includes bibliographical references and index.</subfield>
  </datafield>
  <datafield tag="505" ind1="0" ind2=" ">
   <subfield code="a">Lessons from the 2011 East Japan earthquake: issues of participation and early recovery /Yuka Kaneko -- Natural disaster relief in China: experiences and shortcomings in the 2008 great Wenchuan earthquake and thereafter /Li Weihai -- From healer state to protector state: a critical evaluation of painful struggles in legal and administrative undertakings in disaster management of Turkey from 1509 to 2010 /Ali Tolga Ozden and Burcak Erkan -- The legal framework of community-based land administration in tsunami-impacted areas of Aceh: a case study in Baitussalam sub-district, Aceh Besar district, Indonesia /Taqwaddin Husin and Teuku Alvisyahrin -- Roles of laws relating to post-tsunami management in Thailand /Kanongnij Sribuaiam -- Building back better nation: disaster rehabilitation and recovery in the Philippines /Ebinezer Florano, Joe-Mar S. Perez and Abel Pyneiro -- Legislation to support to disaster victims in Japan /Eichi Yamazaki -- Compensation or assistance? law and policy for post-disaster housing recovery in the U.S and Japan /Tamiyo Kondo -- Lessons from the    Canterbury earthquakes: adequacy of a first loss insurance scheme for natural disasters /Michael White -- Divided fates of victims after the Fukushima nuclear power plant accident /Wakana Takahashi -- The role of the legal services after the 2011 Great East Japan earthquake and tsunami /Takayuki Ii -- Lessons learned from a comparison of the 2011 Great East Japan earthquake and the 1995 great Hanshin-Awaji earthquake /Yuichi Honjyo -- Promptness and sustainability in town reconstruction following the 2011 Great East Japan earthquake /Katsumi Matsuoka -- The complexities of land acquisition and zoning after the Canterbury, New Zealand earthquake /Elizabeth Toomy -- A comparative approach to the post-2001 Gujarat earthquake recovery in India /Akihiko Hokugo -- Post-disaster reconstruction in Taiwan /Yung-Fang Chen -- The framework of international cooperation for disaster management and Japan's contribution /Toshihisa Toyoda.</subfield>
  </datafield>
  <datafield tag="650" ind1=" " ind2="0">
   <subfield code="a">Disaster relief</subfield>
   <subfield code="x">Law and legislation</subfield>
   <subfield code="z">Asia.</subfield>
  </datafield>
  <datafield tag="658" ind1=" " ind2=" ">
   <subfield code="a">Special Problems in Public Policy and Policy Administration</subfield>
   <subfield code="c">PA 249.</subfield>
  </datafield>
  <datafield tag="700" ind1="1" ind2=" ">
   <subfield code="a">Kaneko, Yuka</subfield>
   <subfield code="e">editor.</subfield>
  </datafield>
  <datafield tag="700" ind1="1" ind2=" ">
   <subfield code="a">Matsuoka, Katsumi</subfield>
   <subfield code="e">editor.</subfield>
  </datafield>
  <datafield tag="700" ind1="1" ind2=" ">
   <subfield code="a">Toyoda, Toshihisa</subfield>
   <subfield code="e">editor.</subfield>
  </datafield>
  <datafield tag="905" ind1=" " ind2=" ">
   <subfield code="a">FO</subfield>
  </datafield>
  <datafield tag="852" ind1="0" ind2=" ">
   <subfield code="a">UPD</subfield>
   <subfield code="b">DCPA</subfield>
   <subfield code="h">KNC 630</subfield>
   <subfield code="i">A85 2016</subfield>
  </datafield>
  <datafield tag="942" ind1=" " ind2=" ">
   <subfield code="a">Book</subfield>
  </datafield>
 </record>
</collection>
